[Event "XI Bancpost A"]
[Site "Miercurea Ciuc ROM"]
[Date "2008.08.19"]
[Round "2"]
[White "Smideliusz,M"]
[Black "Brustkern,J"]
[Result "0-1"]
[WhiteElo "1838"]
[BlackElo "2293"]

1.e4 g6 2.d4 Bg7 3.Nc3 d6 4.Nf3 a6 5.a4 b6 6.Bc4 e6 7.Bg5 Ne7 8.h4 h6 9.Be3 Bb7
10.Be2 Nd7 11.Qd2 Nf6 12.Bd3 d5 13.e5 Ne4 14.Bxe4 dxe4 15.Ng1 h5 16.Nge2 Nf5
17.Ng3 Nxh4 18.Kf1 Nf5 19.Ngxe4 Nxe3+ 20.Qxe3 Qe7 21.Rd1 O-O-O 22.a5 Qb4
23.axb6 Bxe5 24.dxe5 Rxd1+ 25.Nxd1 Qxe4 26.Qxe4 Bxe4 27.bxc7 Bxc2 28.Ne3 Bd3+
29.Ke1 Kxc7 30.Rh4 g5 31.Rd4 Rd8 32.Rb4 Bb5 33.Rb3 Rd4 34.Rc3+ Kd7 35.Rc5 h4
36.f3 Rd3 37.Rc3 Rxc3 38.bxc3 Ke7 39.Kf2 f6 40.exf6+ Kxf6 41.g3 Bc6 42.gxh4 gxh4
43.Nc4 Kf5 44.Ke3 h3 45.Kf2 Kf4 46.Nd2 e5 47.c4 a5 48.c5 a4 49.Nc4 Bxf3  0-1

[Event "5th DA Tan Malaysian Open"]
[Site "Kuala Lumpur MAS"]
[Date "2008.08.20"]
[Round "5"]
[White "Sermek,D"]
[Black "Zhang Zhong"]
[Result "1/2-1/2"]
[WhiteElo "2509"]
[BlackElo "2632"]

1.e4 g6 2.d4 Bg7 3.Nc3 d6 4.Be3 Nc6 5.h3 e5 6.Nf3 exd4 7.Nxd4 Nf6 8.g3 O-O
9.Bg2 Ne5 10.O-O Nc4 11.Bc1 Re8 12.Re1 Bd7 13.b3 Nb6 14.Bf4 c6 15.Qd2 d5
16.Bg5 dxe4 17.Nxe4 Nxe4 18.Rxe4 f6 19.Rxe8+ Qxe8 20.Re1 Qf7 21.Bh6 Bxh6
22.Qxh6 Re8 23.Qd2 Rxe1+  1/2-1/2

[Event "XI Bancpost A"]
[Site "Miercurea Ciuc ROM"]
[Date "2008.08.20"]
[Round "4"]
[White "Jurassa,A"]
[Black "Brustkern,J"]
[Result "0-1"]
[WhiteElo "2059"]
[BlackElo "2293"]

1.e4 g6 2.d4 Bg7 3.Nc3 d6 4.Be3 a6 5.Qd2 b5 6.f3 Nd7 7.Nh3 b4 8.Nd1 Rb8 9.Bc4 Nb6
10.Bb3 Bxh3 11.gxh3 a5 12.a4 e6 13.Bg5 Ne7 14.c3 Nd7 15.c4 c5 16.d5 h6 17.Bh4 Ne5
18.Qe2 g5 19.Bg3 N7g6 20.Ne3 h5 21.Ng2 h4 22.Bxe5 Bxe5 23.O-O-O Bd4 24.dxe6 fxe6
25.Rxd4 cxd4 26.c5 Qc8 27.Kb1 dxc5 28.f4 gxf4 29.Qg4 Nf8 30.Nxf4 Rh6 31.Rc1 Qc6
32.Nh5 Rb7 33.Ng7+ Rxg7 34.Qxg7 Qxe4+ 35.Ka2 Rg6 36.Qc7 Nd7 37.Bc4 d3 38.Bb5 Qd5+
39.b3 Rg2+  0-1

[Event "44th Rubinstein Mem Open A"]
[Site "Polanica Zdroj POL"]
[Date "2008.08.20"]
[Round "2"]
[White "Sabuk,P"]
[Black "Szoen,D"]
[Result "0-1"]
[WhiteElo "2091"]
[BlackElo "2477"]

1.e4 g6 2.d4 Bg7 3.Nc3 d6 4.Be3 a6 5.Qd2 b5 6.a4 b4 7.Na2 Nf6 8.f3 a5 9.c3 bxc3
10.Nxc3 O-O 11.Bd3 Na6 12.Nge2 Nb4 13.O-O Nxd3 14.Qxd3 Ba6 15.Qc2 c6 16.Rfd1 Qb6
17.Rab1 Rfb8 18.b3 d5 19.e5 Nd7 20.Qd2 e6 21.Rdc1 Qb4 22.Rc2 Bf8 23.f4 c5
24.dxc5 Nxc5 25.Nc1 Ne4 26.Nxe4 Qxe4 27.Ne2 Bb4 28.Qc1 Rc8  0-1

[Event "44th Rubinstein Mem Open A"]
[Site "Polanica Zdroj POL"]
[Date "2008.08.20"]
[Round "2"]
[White "Goluch,P"]
[Black "Betkowski,A"]
[Result "1/2-1/2"]
[WhiteElo "2019"]
[BlackElo "2201"]

1.e4 g6 2.d4 Bg7 3.Nc3 d6 4.f4 c6 5.Nf3 Bg4 6.Be3 Qb6 7.Qd2 Nd7 8.O-O-O Qa5
9.e5 d5 10.Be2 b5 11.a3 Nb6 12.h3 Bxf3 13.Bxf3 Nc4 14.Qe1 e6 15.h4 b4 16.Na2 bxa3
17.b3 Qxe1 18.Rdxe1 Nxe3 19.Rxe3 Bh6 20.g3 Ne7 21.Bg4 Kd7 22.Kd2 a5 23.Nc3 Bf8
24.Na4 Kc7 25.Ra1 h5 26.Bh3 Nc8 27.c4 Bb4+ 28.Kc2 dxc4 29.bxc4 Ne7 30.Nc3 Rhd8
31.Rd3 Rab8 32.Ne4 Nc8 33.Ng5 Rd7 34.g4 hxg4 35.Bxg4 Nb6 36.h5 gxh5 37.Bxh5 Rh8
38.Bxf7 Rh2+ 39.Kb1 Rh1+ 40.Ka2 Rh2+ 41.Kb1 Rh1+  1/2-1/2

[Event "23rd Open"]
[Site "Schwarzach AUT"]
[Date "2008.08.21"]
[Round "6"]
[White "Bejtovic,J"]
[Black "De Marchi,O"]
[Result "1/2-1/2"]
[WhiteElo "2335"]
[BlackElo "2214"]

1.e4 g6 2.d4 Bg7 3.Nc3 d6 4.f4 a6 5.Nf3 b5 6.Bd3 Nd7 7.e5 c5 8.Be4 Rb8 9.O-O cxd4
10.Nxd4 dxe5 11.Nc6 Qb6+ 12.Kh1 Ngf6 13.Nxb8 Qxb8 14.Bf3 exf4 15.Qe2 e6 16.Nd5 Nxd5
17.Bxd5 Qe5 18.Qxe5 Nxe5 19.Bxf4 exd5 20.Bxe5 Bxe5 21.Rae1 Be6 22.Rxe5 Ke7
23.Rf4 Rc8 24.c3 Kd6 25.Re1 Bf5 26.Rd4 Rb8 27.Kg1 a5 28.Kf2 h5 29.Re2 a4
30.Rb4 Be4 31.Re1 Kc5 32.g3 Rb6 33.Rd4 Rf6+ 34.Ke2 Re6 35.Kf2 Rf6+ 36.Kg1 Re6
37.Rd2 Kc4 38.Re3 f5 39.h4 Rf6 40.Re1 Kc5 41.Rf1  1/2-1/2

[Event "Jessie Gilbert Celebration Int"]
[Site "Coulsdon ENG"]
[Date "2008.08.22"]
[Round "7"]
[White "Jones,G"]
[Black "McNab,C"]
[Result "1/2-1/2"]
[WhiteElo "2549"]
[BlackElo "2450"]

1.e4 g6 2.d4 d6 3.Nc3 Bg7 4.Be3 Nf6 5.h3 c6 6.g4 Qa5 7.Bg2 e5 8.dxe5 dxe5
9.Qd6 Be6 10.a4 Na6 11.Rd1 Nb4 12.Qd2  1/2-1/2

[Event "U16 Olympiad"]
[Site "Mersin TUR"]
[Date "2008.08.22"]
[Round "7"]
[White "Iljiushenok,I"]
[Black "Garcia,Jan"]
[Result "1-0"]
[WhiteElo "2315"]
[BlackElo "2232"]

1.e4 d6 2.d4 g6 3.Nc3 Bg7 4.Be3 Nf6 5.h3 Nbd7 6.Bd3 c6 7.f4 e5 8.Qf3 Qb6
9.Nge2 Qxb2 10.O-O O-O 11.a3 exf4 12.Rfb1 Qxa1 13.Rxa1 fxe3 14.Qxe3 Nb6 15.Qg3 c5
16.dxc5 dxc5 17.Nf4 Ng4 18.hxg4 Bxc3 19.Rf1 Bd4+ 20.Kh1 h6 21.Nxg6 fxg6 22.Rxf8+ Kxf8
23.Qd6+ Kf7 24.e5 Be6 25.Bxg6+ Kxg6 26.Qxe6+ Kg5 27.Qf5+ Kh4 28.Kh2 Bxe5+
29.g3+  1-0

[Event "44th Rubinstein Mem Open A"]
[Site "Polanica Zdroj POL"]
[Date "2008.08.22"]
[Round "4"]
[White "Stoma,P"]
[Black "Betkowski,A"]
[Result "1/2-1/2"]
[WhiteElo "2294"]
[BlackElo "2201"]

1.e4 g6 2.d4 Bg7 3.Nc3 d6 4.Be3 c6 5.Qd2 b5 6.O-O-O Nd7 7.h4 h5 8.Kb1 Qa5
9.Nh3 Ngf6 10.f3 Bb7 11.Ng5 b4 12.Ne2 c5 13.Nc1 O-O 14.Nb3 Qc7 15.dxc5 dxc5
16.Bc4 Nb6 17.Bxf7+ Rxf7 18.Bxc5 a5 19.Ne6 Qc6 20.Nbd4 Nxe4 21.fxe4 Bxd4
22.Qxd4 Qxe6 23.Bxb6 Qxe4 24.Qd7 Qc6 25.Qh3  1/2-1/2

[Event "44th Rubinstein Mem Open A"]
[Site "Polanica Zdroj POL"]
[Date "2008.08.22"]
[Round "4"]
[White "Goluch,P"]
[Black "Czaja,W"]
[Result "1-0"]
[WhiteElo "2019"]
[BlackElo "2103"]

1.e4 d6 2.d4 g6 3.Nc3 Bg7 4.f4 e6 5.Nf3 Ne7 6.Bd3 c5 7.dxc5 Qa5 8.cxd6 Nec6
9.e5 O-O 10.Be3 f6 11.exf6 Bxf6 12.O-O Qb4 13.Nb5 Na6 14.Rb1 Qa5 15.a3 Bd7
16.b4 Qd8 17.c4 Qe8 18.Qc2 Rd8 19.Nc3 Nab8 20.Ne4 Bg7 21.b5 Na5 22.Bxa7 Rc8
23.Bb6 Nxc4 24.Bxc4 Rxf4 25.Qe2 Kh8 26.Nfg5 Rxf1+ 27.Rxf1 Rxc4 28.Qxc4 Bxb5
29.Qxe6 Qxe6 30.Nxe6 Bxf1 31.Kxf1 Be5 32.N6c5 Kg7 33.d7 Nxd7 34.Nxd7 Bb2
35.a4 Kf7 36.Ndc5 Ke7 37.a5 Be5 38.Nxb7 Kd7 39.Nec5+ Kc6 40.Bd8 Bxh2 41.a6 Bb8
42.Be7 Ba7 43.Ke2 Bb6 44.Ne6 h6 45.Bc5 g5 46.Ned8+ Kb5 47.a7 Bxa7 48.Bxa7 Kc4
49.Nf7  1-0

[Event "Open A"]
[Site "Vladimir RUS"]
[Date "2008.08.22"]
[Round "10"]
[White "Pesotsky,V"]
[Black "Mihajlovskij,S"]
[Result "1-0"]
[WhiteElo "2338"]
[BlackElo "2484"]

1.e4 g6 2.d4 Bg7 3.Nc3 d6 4.h3 a6 5.g3 b5 6.Bg2 Bb7 7.Nge2 Nd7 8.O-O c5 9.a3 Rb8
10.Be3 cxd4 11.Bxd4 Ngf6 12.g4 h6 13.Qd2 O-O 14.Ba7 Rc8 15.Be3 h5 16.e5 Nxe5
17.Bxb7 hxg4 18.Qd1 Rc4 19.f4 gxf3 20.Bxf3 Nxf3+ 21.Rxf3 Qa8 22.Qf1 Rfc8
23.Rd1 a5 24.Nf4 e6 25.Nxe6 fxe6 26.Rxf6 b4 27.Rxg6 bxc3 28.Qf6 Qb7 29.Qxe6+ Qf7
30.b3 R4c7 31.Qg4 Re8 32.Bd4 Re2 33.Rf1 Qe7 34.Bxg7 Qxg7 35.Kh1  1-0

[Event "X Sants Open"]
[Site "Barcelona ESP"]
[Date "2008.08.23"]
[Round "2"]
[White "Simon Padros,E"]
[Black "Narciso Dublan,M"]
[Result "0-1"]
[WhiteElo "2230"]
[BlackElo "2525"]

1.e4 g6 2.d4 Bg7 3.Nc3 d6 4.Be3 a6 5.Qd2 b5 6.Bd3 Nd7 7.a4 b4 8.Nce2 c5 9.Nf3 Qc7
10.c4 cxd4 11.Bxd4 e5 12.Be3 Nc5 13.Nc1 Bb7 14.O-O Nf6 15.Bxc5 dxc5 16.Qe2 Nh5
17.g3 Bh6 18.Nh4 Ng7 19.Nb3 Ne6 20.Ng2 Rd8 21.Ne3 Bxe3 22.Qxe3 O-O 23.Rfd1 f5
24.h4 Nd4 25.Nxd4 exd4 26.Qe1 fxe4 27.Bxe4 Rde8 28.f3 Rxf3 29.Bd5+ Kg7  0-1

[Event "5th DA Tan Malaysian Open"]
[Site "Kuala Lumpur MAS"]
[Date "2008.08.23"]
[Round "9"]
[White "Garma,C"]
[Black "Nadanian,A"]
[Result "0-1"]
[WhiteElo "2346"]
[BlackElo "2436"]

1.e4 g6 2.d4 Bg7 3.Nc3 d6 4.Nf3 Nd7 5.h4 h6 6.Bf4 e6 7.Qd2 Ne7 8.a4 a5 9.Nb5 Nf6
10.Bd3 Nc6 11.O-O Ng4 12.Rad1 O-O 13.e5 dxe5 14.dxe5 Ncxe5 15.Nxe5 Nxe5 16.Qe3 Ng4
17.Qh3 e5 18.Bf5 Nxf2 19.Kxf2 Qf6 20.Be3 Bxf5 21.Qg3 c6 22.Bg5 hxg5 23.hxg5 Qe7
24.Nd6 Bxc2 25.Qh4 Bxd1 26.Rxd1 Rfd8  0-1

[Event "44th Rubinstein Mem Open A"]
[Site "Polanica Zdroj POL"]
[Date "2008.08.23"]
[Round "5"]
[White "Szoen,D"]
[Black "Banasik,K"]
[Result "1-0"]
[WhiteElo "2477"]
[BlackElo "2215"]

1.d4 g6 2.e4 Bg7 3.Nc3 d6 4.Nge2 e6 5.Be3 Ne7 6.Qd2 h6 7.g3 b6 8.Bg2 Bb7
9.O-O Nd7 10.f4 f5 11.d5 e5 12.fxe5 Nxe5 13.Nd4 Bc8 14.Ne6 Bxe6 15.dxe6 Nc4
16.Qe2 Nxe3 17.Qxe3 Rc8 18.exf5 O-O 19.fxg6 Nf5 20.Qe4 Qg5 21.e7 Nxe7 22.h4 Qe5
23.Qxe5 Bxe5 24.h5 Bxg3 25.Bh3 Rxf1+ 26.Rxf1 Rf8 27.Be6+ Kg7 28.Bf7 Be5 29.Nb5 d5
30.Re1 Kf6 31.Nxc7  1-0

[Event "44th Rubinstein Mem Open A"]
[Site "Polanica Zdroj POL"]
[Date "2008.08.23"]
[Round "5"]
[White "Raszkiewicz,A"]
[Black "Czaja,W"]
[Result "1/2-1/2"]
[WhiteElo "1827"]
[BlackElo "2103"]

1.e4 d6 2.d4 g6 3.Nc3 Bg7 4.Nf3 Nf6 5.Be2 O-O 6.O-O Nc6 7.h3 a6 8.Be3 e5
9.dxe5 dxe5 10.Qxd8 Rxd8 11.Rad1 Re8 12.Rd2 b5 13.a3 h6 14.Rfd1 Bb7 15.Ne1 Nd4
16.f3 Nh7 17.Nd3 Rad8 18.Nc5 Bc8 19.Nb3 Nxe2+ 20.Nxe2 Rxd2 21.Rxd2 Nf8 22.Nc3 Ne6
23.Nd5 f5 24.Nc5 fxe4 25.Nxe4 Kf7 26.c3 Rd8 27.Kf2 Bb7 28.Nb4 Rxd2+ 29.Nxd2 Bf8
30.Nd3 Kf6 31.Nb3 Bd5 32.Nbc5 Nxc5 33.Nxc5 Bxc5 34.Bxc5 h5 35.h4  1/2-1/2

[Event "23rd Open"]
[Site "Schwarzach AUT"]
[Date "2008.08.23"]
[Round "8"]
[White "Womacka,M"]
[Black "De Marchi,O"]
[Result "1/2-1/2"]
[WhiteElo "2436"]
[BlackElo "2214"]

1.e4 g6 2.d4 Bg7 3.Nc3 d6 4.f4 a6 5.Nf3 b5 6.Bd3 Nd7 7.e5 c5 8.Be4 Rb8 9.O-O cxd4
10.Nxd4 dxe5 11.Nc6 Qb6+ 12.Kh1 Ngf6 13.Nxb8 Qxb8 14.Bd3 Bb7 15.Qe2 O-O 16.a4 b4
17.Ne4 Qa8 18.Nxf6+ Bxf6 19.a5 Rd8 20.Bc4 Rc8 21.Bb3 exf4 22.Bxf4 Rc5 23.Ra4 h5
24.Rxb4 h4 25.h3 Ne5 26.Be3 Rxa5 27.Bb6 Rb5 28.Rxb5 axb5 29.Bd4 Bd5 30.Bxe5 Bxe5
31.Qxe5 Bxg2+ 32.Kg1 Bxf1 33.Kxf1 Qf3+ 34.Ke1 Qxh3 35.Qxe7 Qg3+ 36.Ke2 Qg4+
37.Ke3 Qg3+ 38.Kd4 Qf2+ 39.Qe3 Qf6+ 40.Qe5 Qf2+ 41.Kc3 h3 42.Qxb5 h2 43.Bd5 Qe1+
44.Kb3 h1=Q 45.Bxh1 Qxh1 46.c4 Qd1+ 47.Ka2 Kg7 48.Qe5+ f6 49.Qe7+ Kh6 50.c5  1/2-1/2

[Event "44th Rubinstein Mem Open A"]
[Site "Polanica Zdroj POL"]
[Date "2008.08.24"]
[Round "6"]
[White "Wierzbicka,W"]
[Black "Raszkiewicz,A"]
[Result "1-0"]
[WhiteElo "2033"]
[BlackElo "1827"]

1.e4 g6 2.d4 Bg7 3.Nc3 d6 4.f4 c6 5.Nf3 Nd7 6.Be2 b6 7.O-O Bb7 8.e5 d5 9.f5 gxf5
10.e6 Nh6 11.exd7+ Qxd7 12.Qd3 e6 13.Bxh6 Bxh6 14.Ne5 Qe7 15.Bh5 Rf8 16.Rae1 O-O-O
17.Qe2 Rd6 18.a4 f6 19.Nd3 Qg7 20.a5 Kc7 21.b4 b5 22.Nc5 Bc8 23.a6 Rg8 24.Rf3 f4
25.g3 Rf8 26.Kh1 fxg3 27.Rxg3 Qh8 28.Reg1 e5 29.Bg4 e4 30.Bxc8 Kxc8 31.Qg2 f5
32.Rg8 Rxg8 33.Qxg8+ Rd8 34.Qe6+  1-0

[Event "UAE President's Cup"]
[Site "Al Ain UAE"]
[Date "2008.08.25"]
[Round "3"]
[White "Zayed,A"]
[Black "Othman,A"]
[Result "0-1"]
[WhiteElo "1750"]
[BlackElo "2327"]

1.e4 d6 2.d4 g6 3.Nc3 Bg7 4.Be3 c6 5.Bc4 b5 6.Bb3 Nf6 7.f3 Nbd7 8.Qd2 a6
9.Nge2 Bb7 10.O-O O-O 11.Rae1 Qc7 12.Nc1 c5 13.dxc5 Nxc5 14.Qf2 Nxb3 15.Nxb3 b4
16.Nb1 Nd7 17.Nd4 Rac8 18.c3 Ne5 19.Rd1 a5 20.Qe2 Ra8 21.c4 Qxc4 22.Qxc4 Nxc4
23.Bc1 Rfc8 24.b3 Ne5 25.Be3 a4 26.Bd2 Ba6  0-1

[Event "XLII Open"]
[Site "Mislata ESP"]
[Date "2008.08.25"]
[Round "1"]
[White "Carcel Valero,J"]
[Black "Arizmendi Martinez,J"]
[Result "0-1"]
[WhiteElo "1913"]
[BlackElo "2524"]

1.e4 g6 2.d4 Bg7 3.Nc3 d6 4.Be3 a6 5.Nge2 b5 6.g3 Bb7 7.Bg2 Nd7 8.O-O Rb8
9.Qd2 Ngf6 10.Bh6 O-O 11.Bxg7 Kxg7 12.d5 e6 13.Qd4 Qe7 14.Rfe1 e5 15.Qd2 Nb6
16.b3 c6 17.dxc6 Bxc6 18.Nd5 Bxd5 19.exd5 Qc7 20.c3 Qc5 21.Red1 Rfc8 22.Rac1 Ng4
23.Rf1 f5 24.h3 Nf6 25.Rfd1 Rb7 26.Kf1 Re7 27.Qe3 Qxe3 28.fxe3 Rc5 29.b4 Rc8
30.Rd3 Rec7 31.Ke1 h5 32.Kd1 e4 33.Rd2  0-1

[Event "44th Rubinstein Mem Open A"]
[Site "Polanica Zdroj POL"]
[Date "2008.08.25"]
[Round "7"]
[White "Skrzypczak,A"]
[Black "Plonczak,D"]
[Result "1-0"]
[WhiteElo "1977"]
[BlackElo "2162"]

1.e4 d6 2.d4 g6 3.Nc3 Bg7 4.Be3 c6 5.Qd2 Nf6 6.f3 b5 7.g4 h5 8.g5 Nfd7 9.f4 Nb6
10.Qf2 b4 11.Nd1 d5 12.e5 Bf5 13.Nf3 Be4 14.b3 e6 15.Nb2 N8d7 16.Ba6 Qc7
17.O-O Bxf3 18.Qxf3 O-O 19.Nd3 Rfb8 20.Nxb4 c5 21.dxc5 Nxc5 22.Be2 a5 23.Nd3 Ne4
24.c4 Nc3 25.c5 Nd7 26.Rfc1 Nxe2+ 27.Qxe2 Qc6 28.Rab1 Bf8 29.a3 Rb7 30.b4 Rab8
31.Rb2 a4 32.Rbc2 Rc8 33.Ne1 Nb8 34.Nf3 Qb5 35.Qxb5 Rxb5 36.Nd4 Rb7 37.c6 Rbc7
38.b5 Bxa3 39.Ra1 Be7 40.b6 Rxc6 41.Nxc6 Rxc6 42.Rxc6 Nxc6 43.b7 a3 44.Rc1 a2
45.Ra1 d4 46.Bxd4  1-0

[Event "44th Rubinstein Mem Open A"]
[Site "Polanica Zdroj POL"]
[Date "2008.08.25"]
[Round "7"]
[White "Zakoscielna,K"]
[Black "Banasik,K"]
[Result "0-1"]
[WhiteElo "2125"]
[BlackElo "2215"]

1.e4 g6 2.d4 Bg7 3.Nc3 d6 4.f4 e6 5.Nf3 Ne7 6.Be3 O-O 7.Qd2 f5 8.e5 d5 9.h3 a6
10.g4 b6 11.g5 Nd7 12.h4 Kf7 13.h5 Rh8 14.Qf2 Bb7 15.O-O-O Rc8 16.Na4 c6
17.Kb1 Qc7 18.b3 c5 19.Nb2 Qc6 20.Rh3 a5 21.a4 Rhe8 22.Bb5 Qc7 23.hxg6+ hxg6
24.Rh7 Nf8 25.Rh3 Nd7 26.Rc1 cxd4 27.Bxd4 Nc5 28.Nd3 Rh8 29.Rxh8 Bxh8 30.Nd2 Bg7
31.c3 Bf8 32.b4 Nxd3 33.Bxd3 axb4 34.Bxb6 Qd7 35.Bb5 Bc6 36.cxb4 Bxb5 37.Rxc8 Bd3+
38.Rc2 Qxa4 39.Qc5 Nc6 40.Qc3 Nxb4  0-1

[Event "XIII Konik Morski Open A"]
[Site "Rewal POL"]
[Date "2008.08.26"]
[Round "6"]
[White "Przybylski,W"]
[Black "Butkiewicz,L"]
[Result "1-0"]
[WhiteElo "2363"]
[BlackElo "2284"]

1.e4 d6 2.d4 g6 3.Nc3 Bg7 4.Be3 c6 5.Qd2 b5 6.h4 h5 7.Nh3 Nf6 8.f3 Nbd7 9.Ng5 O-O
10.Be2 Nb6 11.a4 Nc4 12.Bxc4 bxc4 13.Nd1 Rb8 14.Qe2 Ba6 15.c3 Qc8 16.O-O c5
17.d5 e6 18.Bf4 Qd7 19.dxe6 fxe6 20.Ne3 Rbd8 21.Qc2 Nh7 22.Nxh7 Rxf4 23.Ng5 Qe8
24.g3 Rf8 25.Rad1 Bh6 26.f4 Bxg5 27.hxg5 Qf7 28.Rd2 d5 29.Rfd1 d4 30.cxd4 cxd4
31.Rxd4 Rxd4 32.Rxd4 Rc8 33.Qd2 Rc7 34.Rd8+ Kh7 35.Ng4 Qe7 36.Nf6+ Kg7 37.Ne8+  1-0

[Event "USCL 2008"]
[Site "ICC INT"]
[Date "2008.08.27"]
[Round "1"]
[White "Milman,L"]
[Black "Burnett,R"]
[Result "1-0"]
[WhiteElo "2488"]
[BlackElo "2369"]

1.e4 d6 2.d4 g6 3.Nc3 Bg7 4.Be3 c6 5.Qd2 b5 6.Bd3 Nd7 7.Nf3 Qc7 8.O-O Ngf6
9.Bh6 O-O 10.Rfe1 e5 11.Ne2 d5 12.Bxg7 Kxg7 13.dxe5 Nxe5 14.Nxe5 Qxe5 15.exd5 Nxd5
16.Bxb5 cxb5 17.Nc3 Qf4 18.Qxd5 Be6 19.Qxb5 Rab8 20.Qc5 Rxb2 21.Ne4 Rb6 22.Qd4+ f6
23.a4 Bf5 24.a5 Re6 25.g3 Qf3 26.Ng5 Rxe1+ 27.Rxe1 Qb7 28.Qd6 Kg8 29.Re7 Qxe7
30.Qxe7 fxg5 31.Qxa7 Bxc2 32.Qc5 Bf5 33.a6  1-0

[Event "USCL 2008"]
[Site "ICC INT"]
[Date "2008.08.27"]
[Round "1"]
[White "Lugo,Bl"]
[Black "Readey,J"]
[Result "1/2-1/2"]
[WhiteElo "2407"]
[BlackElo "2275"]

1.e4 g6 2.d4 Bg7 3.Nc3 d6 4.Be3 Nf6 5.f3 c6 6.Qd2 Qa5 7.O-O-O b5 8.Kb1 b4
9.Nce2 Nbd7 10.Nc1 Rb8 11.h4 h5 12.Nh3 Ba6 13.Nb3 Qa4 14.Bd3 Bxd3 15.cxd3 Qb5
16.Nf2 a5 17.g4 O-O 18.Bh6 Kh7 19.Bxg7 Kxg7 20.gxh5 Nxh5 21.Rdg1 Qb6 22.Rg5 Rh8
23.Rxa5 Ra8 24.Rxa8 Rxa8 25.Ng4 Nf8 26.Qh6+ Kg8 27.Rg1 Qa7 28.Kc2 Ne6 29.Ne3 Nxd4+
30.Nxd4 Qxd4 31.Nf5 b3+ 32.axb3 Qc5+ 33.Kd2 Qf2+ 34.Kc3 Qc5+ 35.Kd2 Qf2+
36.Kc3 Qc5+ 37.Kd2 Qf2+  1/2-1/2

[Event "XLII Open"]
[Site "Mislata ESP"]
[Date "2008.08.27"]
[Round "3"]
[White "Thorhallsson,G"]
[Black "Komljenovic,D"]
[Result "0-1"]
[WhiteElo "2242"]
[BlackElo "2452"]

1.e4 g6 2.d4 Bg7 3.Nc3 d6 4.Nf3 a6 5.Be2 b5 6.a3 Bb7 7.O-O Nd7 8.h3 c5 9.Be3 cxd4
10.Nxd4 Ngf6 11.Bf3 Ne5 12.Re1 O-O 13.Nd5 Nxf3+ 14.Qxf3 e6 15.Nxf6+ Qxf6
16.Qxf6 Bxf6 17.c3 Bxe4 18.Bh6 Bd5 19.Bxf8 Kxf8 20.Red1 Rb8 21.f3 Ke7 22.a4 b4
23.c4 Ba8 24.Rac1 Rc8 25.Kh2 h5 26.Rc2 g5 27.g3 Be5 28.b3 f5 29.Re2 f4 30.gxf4 gxf4
31.Red2 Kf6 32.Nc2 d5 33.cxd5 Bxd5 34.Rxd5 exd5 35.Nxb4 d4 36.Nxa6 Rc2+ 37.Kg1 Rc3
38.Rb1 Rxf3 39.Kg2 Rg3+ 40.Kh2 Bd6 41.a5 d3 42.b4 d2 43.Rd1 f3 44.Nc5 Rg2+
45.Kh1 Bxc5 46.bxc5 Re2  0-1

[Event "44th Rubinstein Mem Open A"]
[Site "Polanica Zdroj POL"]
[Date "2008.08.27"]
[Round "9"]
[White "Piorun,K"]
[Black "Banasik,K"]
[Result "1-0"]
[WhiteElo "2445"]
[BlackElo "2215"]

1.e4 d6 2.d4 g6 3.Nc3 Bg7 4.f4 e6 5.Nf3 Ne7 6.Bd3 h6 7.Be3 Nd7 8.Qd2 f5 9.e5 d5
10.Ne2 c5 11.dxc5 g5 12.Bb5 gxf4 13.Nxf4 Kf7 14.Nxe6 Kxe6 15.Nd4+ Kxe5 16.Qc3 Kf6
17.Nxf5+ Kxf5 18.O-O+ Ke6 19.Qxg7 Qg8 20.Bd4  1-0

[Event "ch-ISL"]
[Site "Reykjavik ISL"]
[Date "2008.08.27"]
[Round "1"]
[White "Ulfarsson,M"]
[Black "Danielsen,Hen"]
[Result "0-1"]
[WhiteElo "2403"]
[BlackElo "2526"]

1.e4 g6 2.d4 Bg7 3.Nc3 d6 4.Be3 c6 5.Qd2 b5 6.Bd3 Bb7 7.Nf3 Nd7 8.O-O Qc7
9.Ne2 Ngf6 10.h3 O-O 11.Ng3 a6 12.c3 Rfe8 13.Bh6 e5 14.dxe5 dxe5 15.Nf5 Bh8
16.Bc2 Nb6 17.Qd6 Qd8 18.Qxd8 Raxd8 19.Ng3 Nc4 20.b4 Bg7 21.Bxg7 Kxg7 22.Rad1 c5
23.Rxd8 Rxd8 24.bxc5 Rc8 25.Bd3 Rxc5 26.Bxc4 Rxc4 27.Nxe5 Rc5 28.Ng4 Nxe4
29.Nxe4 Bxe4 30.Rc1 f5 31.Ne3 f4 32.Nd1 Rg5 33.g3 fxg3 34.h4 Rg4 35.fxg3 Rxg3+
36.Kf2 Rh3  0-1

[Event "1st Dragon Capital Vietnam Open"]
[Site "Vung Tau VIE"]
[Date "2008.08.27"]
[Round "1"]
[White "Hoang Canh Huan"]
[Black "Azmaiparashvili,Z"]
[Result "0-1"]
[WhiteElo "2339"]
[BlackElo "2615"]

1.e4 d6 2.d4 g6 3.Nc3 Bg7 4.Be3 a6 5.h4 Nf6 6.f3 b5 7.g4 h5 8.e5 Ng8 9.e6 Bxe6
10.d5 Bc8 11.Bd4 Bxd4 12.Qxd4 Nf6 13.Ne4 c5 14.Nxf6+ exf6 15.Qd2 hxg4 16.O-O-O Ra7
17.h5 Re7 18.fxg4 Bxg4 19.Be2 Bf5 20.Nf3 g5  0-1

[Event "44th Rubinstein Mem Open A"]
[Site "Polanica Zdroj POL"]
[Date "2008.08.28"]
[Round "10"]
[White "Majdan,J"]
[Black "Betkowski,A"]
[Result "1-0"]
[WhiteElo "2323"]
[BlackElo "2201"]

1.e4 g6 2.d4 Bg7 3.Nc3 d6 4.Nf3 a6 5.a4 b6 6.Bc4 e6 7.Bg5 Ne7 8.Qd2 h6 9.Be3 Bb7
10.O-O Nd7 11.Rfe1 g5 12.h3 Ng6 13.Rad1 Qe7 14.Nh2 c5 15.d5 e5 16.Nf1 Nf6
17.Ng3 Kf8 18.b4 Bc8 19.bxc5 bxc5 20.Qe2 Nh4 21.f3 Ne8 22.Rb1 Bf6 23.Nh5 Ng7
24.Nxf6 Qxf6 25.Rb6 Nh5 26.Bxc5 Nf4 27.Rxd6 Nxe2+ 28.Nxe2 Kg7 29.Rxf6 Kxf6
30.Rb1 Bd7 31.Rb6+ Kg7 32.Bb3 h5 33.Be7 Rh6 34.Rb7 Bxh3 35.gxh3 Nxf3+ 36.Kf2 Nd2
37.Ng3 Rg6 38.d6 h4 39.Nf5+ Kg8 40.Bd5 g4 41.Bxh4  1-0

[Event "17th Korensky Memorial"]
[Site "Tambow RUS"]
[Date "2008.08.28"]
[Round "7"]
[White "Pecheritsa,V"]
[Black "Balashov,Y"]
[Result "1-0"]
[WhiteElo "2308"]
[BlackElo "2407"]

1.e4 d6 2.d4 g6 3.Nc3 Bg7 4.Bg5 c6 5.Qd2 Qa5 6.f4 b5 7.Nf3 Bg4 8.Be2 Nd7
9.h3 Bxf3 10.Bxf3 e5 11.dxe5 dxe5 12.O-O-O Qc7 13.f5 Ngf6 14.g4 O-O-O 15.Qf2 Qb6
16.Qe2 Bf8 17.Bxf6 Nxf6 18.Rxd8+ Kxd8 19.g5 Ne8 20.fxg6 hxg6 21.Bg4 Be7 22.Kb1 Bxg5
23.Qd3+ Ke7 24.Qd7+ Kf8 25.Rf1 Be7 26.Qe6 Bf6 27.Rxf6 Nxf6 28.Qxf6 Qg1+ 29.Nd1 Rxh3
30.Qd6+  1-0

[Event "XLII Open"]
[Site "Mislata ESP"]
[Date "2008.08.29"]
[Round "7"]
[White "Pardo Simon,D"]
[Black "Arizmendi Martinez,J"]
[Result "1/2-1/2"]
[WhiteElo "2204"]
[BlackElo "2524"]

1.e4 g6 2.d4 Bg7 3.Nc3 d6 4.Be3 a6 5.a4 b6 6.Nf3 e6 7.Bd3 Nd7 8.O-O Bb7 9.Qd2 h6
10.Kh1 Ne7 11.Ng1 Nf6 12.f4 d5 13.e5 Ne4 14.Qe1 Nf5 15.Nf3 Bf8 16.Bd2 Nxd2
17.Qxd2 c5 18.g4 Nxd4 19.Nxd4 cxd4 20.Ne2 h5 21.f5 hxg4 22.fxg6 Qh4 23.gxf7+ Kd7
24.Qf4 Bh6 25.Qg3 Qxg3 26.Nxg3 Raf8 27.Nh5 Bg5 28.Nf6+ Bxf6 29.Rxf6 g3 30.h3 Rxh3+
31.Kg2 Rh5 32.Re1 Ke7 33.Rf3 Rxf7 34.Rxf7+ Kxf7 35.Kxg3 Ke7 36.Kg4 Rh8 37.a5 b5
38.b4 Bc6 39.Kf4 Rf8+ 40.Kg4 Rg8+ 41.Kf4 Rf8+ 42.Kg4 Rh8 43.Kf4 Be8 44.Ra1 Rf8+
45.Kg4 Rg8+ 46.Kf3 Bh5+ 47.Kf2 Rf8+ 48.Kg3 Rg8+ 49.Kf2 Rf8+ 50.Kg3 Rg8+ 51.Kf2  1/2-1/2

[Event "1st Dragon Capital Vietnam Open"]
[Site "Vung Tau VIE"]
[Date "2008.08.29"]
[Round "4"]
[White "Nguyen Thi Mai Hung"]
[Black "Hoang Canh Huan"]
[Result "0-1"]
[WhiteElo "2158"]
[BlackElo "2339"]

1.d4 g6 2.e4 Bg7 3.Nc3 d6 4.Be3 a6 5.Qd2 Nd7 6.a4 b6 7.Bd3 Bb7 8.Nge2 h6
9.f3 e6 10.Bc4 Ne7 11.h4 d5 12.Bb3 Nf6 13.e5 Nd7 14.g4 c5 15.f4 h5 16.g5 Nf5
17.Bf2 Bf8 18.O-O Rc8 19.Ba2 Be7 20.Nd1 Qc7 21.c3 a5 22.Ne3 Nxe3 23.Qxe3 Ba6
24.Rfc1 Qc6 25.Ng3 b5 26.Bb3 Nb6 27.dxc5 Nxa4 28.Bxa4 bxa4 29.Ne2 Bxe2 30.Qxe2 Bxc5
31.Bxc5 Qxc5+ 32.Kg2 Qc6 33.Qd1 O-O 34.Qxa4 Qb7 35.Qc2 Rc4 36.Kg3 Rfc8 37.Qd2 a4
38.Rd1 Qb3 39.Rac1 a3 40.bxa3 Rxc3+ 41.Kf2 Rc2 42.Ke1 Qg3+ 43.Kf1 Qf3+ 44.Kg1 Qe4
45.a4 Kg7  0-1

[Event "16th Nikea Open"]
[Site "Athens GRE"]
[Date "2008.08.30"]
[Round "6"]
[White "Skaperdas,K"]
[Black "Managadze,N"]
[Result "0-1"]
[WhiteElo "2180"]
[BlackElo "2444"]

1.e4 d6 2.d4 g6 3.Nc3 Bg7 4.Be3 c6 5.h3 b5 6.a3 a6 7.f4 Nd7 8.e5 Nb6 9.Nf3 h5
10.Ng5 Nh6 11.Bd3 Nc4 12.Bxc4 bxc4 13.Nce4 Rb8 14.O-O O-O 15.b4 cxb3 16.cxb3 Nf5
17.Bf2 c5 18.dxc5 dxe5 19.fxe5 Qxd1 20.Rfxd1 Rxb3 21.Nf3 Bb7 22.Ned2 Rc3
23.Rab1 Bd5 24.Rdc1 Rxc1+ 25.Rxc1 Rc8 26.Nc4 Bxc4 27.Rxc4 e6 28.c6 Ne7 29.c7 Nd5
30.Rc6 Rxc7 31.Rxa6 Bh6 32.Ra8+ Kg7 33.g3 Rc3 34.Nd4 h4 35.Nb5 Rb3 36.Nd6 hxg3
37.Ne8+ Kh7 38.Bc5 Bg5 39.Ra7 Be3+ 40.Bxe3 Nxe3 41.Nf6+ Kg7  0-1

[Event "7th Open"]
[Site "Izmir TUR"]
[Date "2008.08.30"]
[Round "1"]
[White "Gurbanzade,E"]
[Black "Gurevich,M"]
[Result "0-1"]
[WhiteElo "2193"]
[BlackElo "1966"]

1.e4 d6 2.d4 g6 3.Nc3 Bg7 4.f4 Nf6 5.Nf3 c5 6.Bb5+ Bd7 7.e5 Ng4 8.e6 Bxb5
9.exf7+ Kd7 10.Nxb5 Qa5+ 11.Nc3 cxd4 12.Nxd4 h5 13.h3 Nc6 14.Ne2 Nh6 15.Qd3 Qf5
16.Ne4 Nb4 17.Qc4 a5 18.N2g3 Rhc8 19.Qb3 Qxf7 20.Qa4+ Rc6 21.O-O Nxc2 22.Nc5+ Kc8
23.Qxc2 Rxc5 24.Qd3 Nf5 25.Ne4 Rc6 26.Bd2 Qc4 27.Qxc4 Rxc4 28.Rac1 Rxc1 29.Rxc1+ Kd7
30.Bc3 Rc8 31.Rd1 Rc4 32.Nd2 Rxf4 33.Bxa5 Ra4  0-1